Museo de Arte Contemporáneo de Bogotá/ (Record no. 4186)

MARC details
000 -LEADER
campo de control de longitud fija 01587nam a22004697a 4500
003 - IDENTIFICADOR DE NÚMERO DE CONTROL
campo de control OSt
005 - FECHA Y HORA DE LA ÚLTIMA TRANSACCIÓN
campo de control 20230823114551.0
008 - DATOS DE LONGITUD FIJA--INFORMACIÓN GENERAL
campo de control de longitud fija 221006b |||||||| |||| 00| 0 eng d
040 ## - FUENTE DE CATALOGACIÓN
Centro/agencia transcriptor Biblioteca Lado V
082 ## - NÚMERO DE LA CLASIFICACIÓN DECIMAL DEWEY
Número de clasificación 708
Número de ítem O77m
100 ## - ENTRADA PRINCIPAL--NOMBRE DE PERSONA
9 (RLIN) 960
Nombre de persona Ortiz Serrano, Gustavo
Término indicativo de función/relación director
245 ## - MENCIÓN DEL TÍTULO
Título Museo de Arte Contemporáneo de Bogotá/
Resto del título Divas | Maquiamelo/
260 ## - PUBLICACIÓN, DISTRIBUCIÓN, ETC.
Fecha de publicación, distribución, etc. 2015
Nombre del editor, distribuidor, etc. UNIMINUTO
Lugar de publicación, distribución, etc. Bogota
-- Colombia
300 ## - DESCRIPCIÓN FÍSICA
Dimensiones 21.5x28cm
Extensión 24p.
490 ## - MENCIÓN DE SERIE
Mención de serie 2
Designación de volumen o secuencia 1
Número Internacional Normalizado para Publicaciones Seriadas 2422-1856
505 ## - NOTA DE CONTENIDO CON FORMATO
Título Cabeza reducida por los Indios
505 ## - NOTA DE CONTENIDO CON FORMATO
Título De la reducción de las cabezas a la ampliación
505 ## - NOTA DE CONTENIDO CON FORMATO
Título LAS DIVAS DE MAQUIAMELO Parte 1
505 ## - NOTA DE CONTENIDO CON FORMATO
Título Mariyn Monroe, 2013
505 ## - NOTA DE CONTENIDO CON FORMATO
Título LAS DIVAS DE MAQUIAMELO Parte 2
505 ## - NOTA DE CONTENIDO CON FORMATO
Título Andy Warhol, 2014
505 ## - NOTA DE CONTENIDO CON FORMATO
Título Liz Taylor
505 ## - NOTA DE CONTENIDO CON FORMATO
Título Liz Taylor-Cleo, 2013
505 ## - NOTA DE CONTENIDO CON FORMATO
Título Judy Garland como Dorothy
505 ## - NOTA DE CONTENIDO CON FORMATO
Título Judy Garland como Dorothy, 2014
505 ## - NOTA DE CONTENIDO CON FORMATO
Título Marilyn Monroe
505 ## - NOTA DE CONTENIDO CON FORMATO
Título Marliyn Forever, 2014
505 ## - NOTA DE CONTENIDO CON FORMATO
Título Divinus Furor - Juan David Quintero A.
505 ## - NOTA DE CONTENIDO CON FORMATO
Título Mariyn Reducida, 2014
505 ## - NOTA DE CONTENIDO CON FORMATO
Título Katharine Hepburn
505 ## - NOTA DE CONTENIDO CON FORMATO
Título Katharine Hepburn, 2014
505 ## - NOTA DE CONTENIDO CON FORMATO
Título Sello postal de Bette Davis
505 ## - NOTA DE CONTENIDO CON FORMATO
Título Bette Davis Eyes, 2015
505 ## - NOTA DE CONTENIDO CON FORMATO
Título Maquiamelo 1
505 ## - NOTA DE CONTENIDO CON FORMATO
Título Maquiamelo 2
505 ## - NOTA DE CONTENIDO CON FORMATO
Título Espejo
650 ## - PUNTO DE ACCESO ADICIONAL DE MATERIA--TÉRMINO DE MATERIA
Fuente del encabezamiento o término Tesauro de Arte & Arquitectura
Término de materia o nombre geográfico como elemento de entrada ARTE
650 ## - PUNTO DE ACCESO ADICIONAL DE MATERIA--TÉRMINO DE MATERIA
Fuente del encabezamiento o término Tesauro de Arte & Arquitectura
Término de materia o nombre geográfico como elemento de entrada FIGURAS
9 (RLIN) 702
650 ## - PUNTO DE ACCESO ADICIONAL DE MATERIA--TÉRMINO DE MATERIA
Fuente del encabezamiento o término Tesauro de Arte & Arquitectura
Término de materia o nombre geográfico como elemento de entrada CABEZAS REDUCIDAS
651 ## - PUNTO DE ACCESO ADICIONAL DE MATERIA--NOMBRE GEOGRÁFICO
Fuente del encabezamiento o término Tesauro de Arte & Arquitectura
Nombre geográfico CINE
942 ## - ELEMENTOS DE ENTRADA SECUNDARIOS (KOHA)
Fuente del sistema de clasificación o colocación Clasificación Decimal Dewey
Tipo de ítem Koha Libros
Parte de la signatura que corresponde a la clasificación (Parte de la clasificación) 708
Parte de la signatura que identifica el ejemplar (Parte del ítem) O77m
Suprimir en OPAC No
Holdings
Estatus retirado Estado de pérdida Fuente del sistema de clasificación o colocación Especificación de materiales (volumen encuadernado u otra parte) Estado de daño No para préstamo Colección Biblioteca de origen Biblioteca actual Fecha de adquisición Enumeración/cronología de publicación seriada Número de inventario Total de préstamos Signatura topográfica completa Código de barras Visto por última vez Precio de reemplazo Tipo de ítem Koha
    Clasificación Decimal Dewey 1     Revistas Biblioteca LadoV Biblioteca LadoV 23/08/2023 2 005171   708 O77m 005171 23/08/2023 23/08/2023 Libros